|
|
|
|
| LEADER |
00000nam0a2200000 4500 |
| 001 |
268901 |
| 005 |
20231031224313.0 |
| 020 |
|
|
|a RU
|b 87-30003
|
| 035 |
|
|
|a (RuTPU)RU\TPU\book\292057
|
| 090 |
|
|
|a 268901
|
| 100 |
|
|
|a 20140910d1987 k y0rusy5003 ca
|
| 101 |
0 |
|
|a rus
|
| 102 |
|
|
|a RU
|
| 105 |
|
|
|a a z 001zy
|
| 200 |
1 |
|
|a Литые штампы для горячего объемного деформирования
|f В. В. Куниловский, В. К. Крутиков
|
| 210 |
|
|
|a Ленинград
|c Машиностроение
|d 1987
|
| 215 |
|
|
|a 124 с.
|c ил.
|
| 320 |
|
|
|a Библиогр.: с. 122-125 (99 назв.)
|
| 606 |
1 |
|
|a Штампы для горячей штамповки
|2 stltpush
|3 (RuTPU)RU\TPU\subj\19526
|
| 610 |
1 |
|
|a литые штампы
|
| 610 |
1 |
|
|a деформирование
|
| 610 |
1 |
|
|a эксплуатация
|
| 610 |
1 |
|
|a повреждения
|
| 610 |
1 |
|
|a структура
|
| 610 |
1 |
|
|a механические свойства
|
| 610 |
1 |
|
|a изготовление
|
| 610 |
1 |
|
|a работоспособность
|
| 610 |
1 |
|
|a пластичность
|
| 675 |
|
|
|a 621.73.073
|z rus
|v 3
|
| 700 |
|
1 |
|a Куниловский
|b В. В.
|g Вячеслав Владимирович
|4 070
|
| 701 |
|
1 |
|a Крутиков
|b В. К.
|g Владимир Константинович
|4 070
|
| 801 |
|
0 |
|a RU
|b RuMRKP
|c 19950417
|g psbo
|
| 801 |
|
1 |
|a RU
|b 63413507
|c 20140910
|
| 801 |
|
2 |
|a RU
|b 63413507
|c 20170221
|g RCR
|
| 942 |
|
|
|c BK
|